England 2010 World Cup Sqaud - Statistics

General Stats
  • This quiz has been taken 4,732 times
    4,728 since last reset
  • The average score is 11 of 23
Answer Stats
Hint Answer % Correct
10 Wayne Rooney
92%
8 Frank Lampard
87%
23 Joe Hart
85%
6 John Terry
85%
12 Robert Green
70%
3 Ashley Cole
59%
19 Jermain Defoe
59%
4 Steven Gerrard
56%
9 Peter Crouch
55%
1 David James
46%
21 Emile Heskey
43%
16 James Milner
43%
2 Glen Johnson
42%
11 Joe Cole
39%
22 Michael Carrick
39%
14 Gareth Barry
37%
7 Aaron Lennon
36%
15 Matthew Upson
33%
18 Jamie Carragher
31%
20 Ledley King
22%
5 Michael Dawson
17%
17 Shaun Wright-Phillips
16%
13 Stephen Warnock
12%
No matching quizzes found
Score Distribution
Percent of People with Each Score
Percentile by Number Answered
Your Score History
You have not taken this quiz since the last reset